Tipificación y análisis técnico-económico de un sistema agropecuario y elaboración de modelos mejorados /

Guardado en:
Autor Principal: Kitajgrodzki, Gerardo C.
Autor Corporativo: Universidad Nacional del Sur. Departamento de Agronomía.
Otros Autores: Gargano, Alfredo O., (tutor.)
Formato: Libro
Idioma:Spanish
Publicado: Bahía Blanca, 2006.
Etiquetas: Agregar Etiqueta
Sin Etiquetas, Sea el primero en etiquetar este registro!
LEADER 00749nam a22001695a 4500
001 EEA.libagro007744
005 20180418090152.0
008 130809s2006####ag#a##########000#0#spa#d
082 0 4 |a 338.18 
100 1 |a Kitajgrodzki, Gerardo C. 
245 1 0 |a Tipificación y análisis técnico-económico de un sistema agropecuario y elaboración de modelos mejorados /  |c Gerardo C. Kitajgrodzki. 
260 |a Bahía Blanca,  |c 2006. 
300 |a 46 h :  |b il. ;  |c 30 cm. 
500 |a Trabajo de intensificación (Ingeniero Agrónomo) -- Universidad Nacional del Sur. Departamento de Agronomía, 2006. 
700 1 |a Gargano, Alfredo O.,  |e tutor. 
710 2 |a Universidad Nacional del Sur.  |b Departamento de Agronomía. 
859 |a AR-BbBCA  |b BIB. AGRONOMIA  |h 338.18  |i K62  |p 2007/5133